000 00645nam a22001577a 4500
003 OSt
005 20160324145951.0
008 160323b xxu||||| |||| 00| 0 eng d
040 _cRUA
082 _aATM KEM 2004 B473 Or.1
100 _98147
_aKEM CHAMROEUN, កែម ចំរើន
245 _aការចិញ្ចឹមសត្វក្រពើជាលក្ខណៈគ្រួសារនៅភូមិផ្សារឃុំអន្លង់ត្នោត ស្រុកក្រគរ ​ខេត្តពោធិ៍សាត់
260 _aPhnom Penh
_bRUA
_c2004
300 _aiv, 22p.
_bill.
_c29cm.
942 _2ddc
_cATM
999 _c7762
_d7762